|
|
|
|
| LEADER |
00000nam a2200000 a 4500 |
| 001 |
UCP8763 |
| 003 |
CL-VaPUC |
| 008 |
000310e19600000SP |||||||||||||||||spa|d |
| 082 |
0 |
4 |
|a 932
|b LAN
|2 21
|
| 100 |
|
|
|a Lange, Kurt
|e author
|9 438958
|
| 245 |
1 |
0 |
|a Pirámides, esfinges, faraones: los maravillosos secretos de una gran civilización
|
| 300 |
|
|
|a 299 p
|
| 942 |
|
|
|c BK
|
| 945 |
|
|
|d 20000310 00:00:00
|a rherrera
|
| 260 |
|
|
|a Barcelona
|b Destino
|c 1960
|
| 650 |
|
0 |
|a Historia antigua
|9 267521
|
| 650 |
|
0 |
|a Civilización egipcia
|9 433926
|
| 650 |
|
7 |
|a PIRAMIDES
|2 CL-VaPUC
|9 310788
|
| 650 |
|
7 |
|a FARAONES
|2 CL-VaPUC
|9 389592
|
| 650 |
|
7 |
|a ESFINGES
|2 CL-VaPUC
|9 438959
|
| 651 |
|
0 |
|a Egipto
|9 268199
|
| 583 |
|
|
|a last modification
|c 20000310 00:00:00
|k Rodrigo Vera
|
| 999 |
|
|
|c 285649
|d 285647
|
| 952 |
|
|
|0 0
|1 0
|4 0
|6 932_000000000000000_LAN_1960
|7 0
|8 A
|9 330391
|a BIBHIS
|b BIBHIS
|d 2019-11-20
|i 1394150
|l 3
|o 932 LAN 1960
|p 1394150
|r 2025-01-20
|s 2022-03-23
|w 2019-11-20
|y BK
|k HIS
|